LEADER 02493nam 2200613 450 001 9910788844403321 005 20170822144308.0 010 $a1-4704-0318-8 035 $a(CKB)3360000000464909 035 $a(EBL)3114456 035 $a(SSID)ssj0000976566 035 $a(PQKBManifestationID)11526792 035 $a(PQKBTitleCode)TC0000976566 035 $a(PQKBWorkID)11019898 035 $a(PQKB)11561321 035 $a(MiAaPQ)EBC3114456 035 $a(RPAM)12393794 035 $a(PPN)195416112 035 $a(EXLCZ)993360000000464909 100 $a20010427h20012001 uy| 0 101 0 $aeng 135 $aur|n|---||||| 181 $ctxt 182 $cc 183 $acr 200 10$aStrong boundary values, analytic functionals, and nonlinear Paley-Wiener theory /$fJean-Pierre Rosay, Edgar Lee Stout 210 1$aProvidence, Rhode Island :$cAmerican Mathematical Society,$d[2001] 210 4$dİ2001 215 $a1 online resource (109 p.) 225 1 $aMemoirs of the American Mathematical Society,$x0065-9266 ;$vnumber 725 300 $a"Volume 153, number 725 (first of 5 numbers)." 311 $a0-8218-2712-X 320 $aIncludes bibliographical references (pages 91-93) and index. 327 $a""Contents""; ""1. Introduction""; ""2. Preliminaries on Analytic Functionals and Hyperfunctions""; ""2A. Appendix on Good Compact Sets""; ""3. Analytic Functionals as Boundary Values""; ""4. Nonlinear Paley-Wiener Theory""; ""5. Strong Boundary Values""; ""6. Strong Boundary Values for the Solutions of Certain Partial Differential Equations""; ""7. Comparison With Other Notions of Boundary Values""; ""8. Boundary Values Via Cousin Decompositions""; ""9. The Schwarz Reflection Principle""; ""References""; ""Index of Notation"" 410 0$aMemoirs of the American Mathematical Society ;$vno. 725. 606 $aAnalytic functions 606 $aFunctionals 606 $aBoundary value problems 606 $aHyperfunctions 615 0$aAnalytic functions. 615 0$aFunctionals. 615 0$aBoundary value problems. 615 0$aHyperfunctions. 676 $a510 s 676 $a515 700 $aRosay$b Jean-Pierre$f1945-$01566850 702 $aStout$b Edgar Lee$f1938- 801 0$bMiAaPQ 801 1$bMiAaPQ 801 2$bMiAaPQ 906 $aBOOK 912 $a9910788844403321 996 $aStrong boundary values, analytic functionals, and nonlinear Paley-Wiener theory$93837773 997 $aUNINA LEADER 02429nam0 22005533i 450 001 VAN00275373 005 20240910014016.526 017 70$2N$a9783030843045 100 $a20240424d2021 |0itac50 ba 101 $aeng 102 $aCH 105 $a|||| ||||| 200 1 $aTranscendence in Algebra, Combinatorics, Geometry$eTRANS19?Transient Transcendence in Transylvania, Bra?ov, Romania, May 13?17, 2019$fAlin Bostan, Kilian Raschel editors 210 $aCham$cSpringer$d2021 215 $axxxix, 521 p.$cill.$d24 cm 410 1$1001VAN00102574$12001 $aSpringer proceedings in mathematics & statistics$1210 $aBerlin [etc.]$cSpringer$d2012-$v373 606 $a00B25$xProceedings of conferences of miscellaneous specific interest [MSC 2020]$3VANC020732$2MF 606 $a11-XX$xNumber theory [MSC 2020]$3VANC019688$2MF 606 $a11Jxx$xDiophantine approximation, transcendental number theory [MSC 2020]$3VANC023205$2MF 610 $aBass-Quillen conjecture$9KW:K 610 $aCommutative algebra$9KW:K 610 $aDifference equations$9KW:K 610 $aDifferential equations$9KW:K 610 $aEnumerative combinatorics$9KW:K 610 $aFinite automata$9KW:K 610 $aFrobenius structures$9KW:K 610 $aFunctional equations$9KW:K 610 $aHamiltonian systems$9KW:K 610 $aHypergeometric series$9KW:K 610 $aJacobian Conjecture$9KW:K 610 $aNumber theory$9KW:K 610 $aProbability Theory$9KW:K 610 $aSpecial functions$9KW:K 610 $aStatistical Mechanics$9KW:K 610 $aTheta functions$9KW:K 610 $aTheta series$9KW:K 610 $aZeta function$9KW:K 620 $aCH$dCham$3VANL001889 702 1$aBostan$bAlin$3VANV227853 702 1$aRaschel$bKilian$3VANV227854 712 $aSpringer $3VANV108073$4650 801 $aIT$bSOL$c20250606$gRICA 856 4 $uhttps://doi.org/10.1007/978-3-030-84304-5$zE-book ? Accesso al full-text attraverso riconoscimento IP di Ateneo, proxy e/o Shibboleth 899 $aBIBLIOTECA DEL DIPARTIMENTO DI MATEMATICA E FISICA$1IT-CE0120$2VAN08 912 $fN 912 $aVAN00275373 950 $aBIBLIOTECA DEL DIPARTIMENTO DI MATEMATICA E FISICA$d08DLOAD e-Book 8460 $e08eMF8460 20240503 996 $aTranscendence in Algebra, Combinatorics, Geometry$94153529 997 $aUNICAMPANIA